Indian fiction in English translation/ (Record no. 152285)

MARC details
000 -LEADER
fixed length control field 00665nam a22002177a 4500
003 - CONTROL NUMBER IDENTIFIER
control field dpl
005 - DATE AND TIME OF LATEST TRANSACTION
control field 20180703102623.0
008 - FIXED-LENGTH DATA ELEMENTS--GENERAL INFORMATION
fixed length control field 080912t xxu||||| |||| 00| 0 eng d
010 ## - LIBRARY OF CONGRESS CONTROL NUMBER
LC control number B-161107
020 ## - INTERNATIONAL STANDARD BOOK NUMBER
International Standard Book Number 9788126904501
Terms of availability 350.00
035 ## - SYSTEM CONTROL NUMBER
System control number B-161107, B-161107, B-161101
037 ## - SOURCE OF ACQUISITION
Source of stock number/acquisition BPPD/PUB
040 ## - CATALOGING SOURCE
Transcribing agency 0
082 ## - DEWEY DECIMAL CLASSIFICATION NUMBER
Classification number 883.08
245 ## - TITLE STATEMENT
Title Indian fiction in English translation/
Statement of responsibility, etc edited by Shubha Tiwari
260 ## - PUBLICATION, DISTRIBUTION, ETC. (IMPRINT)
Place of publication, distribution, etc New Delhi
Name of publisher, distributor, etc Atlantic Publishers
Date of publication, distribution, etc 2005
270 ## - ADDRESS
Address 7/22, Ansari Road, Darya ganj
City New Delhi
300 ## - PHYSICAL DESCRIPTION
Extent viii, 148 p.
Dimensions 22cm ( Hb.)
600 ## - SUBJECT ADDED ENTRY--PERSONAL NAME
Personal name Tiwari, Shubha
942 ## - ADDED ENTRY ELEMENTS (KOHA)
Institution code [OBSOLETE] dpl
Koha item type English Books
Call number prefix 883.08
Source of classification or shelving scheme Dewey Decimal Classification
Classification part 883.08
Call number suffix IND
Holdings
Withdrawn status Lost status Source of classification or shelving scheme Damaged status Not for loan Collection code Home library Current library Date acquired Source of acquisition Cost, normal purchase price Total Checkouts Total Renewals Full call number Barcode Date last seen Date checked out Cost, replacement price Price effective from Koha item type Copy number
    Dewey Decimal Classification     Non-fiction Patel Nagar Patel Nagar 03/07/2018 BPPD/Pub 350.00 2   883.08 IND B-161101 28/01/2022 24/12/2021 350.00 03/07/2018 English Books 1
    Dewey Decimal Classification     Non-fiction Shahdara Branch Shahdara Branch 25/05/2018 BPPD/PUB 350.00 1 2 883.08 IND B-161107 14/03/2020 27/01/2020 350.00 25/05/2018 English Books  

© Delhi Public Library
Hit Counter
free hit counter